000 00443nam a2200181Ia 4500
001 23948
005 20260414151011.0
008 260414t2021||||xx |||||||||||||| ||spa||
041 _aESP
082 _a724.6
_bV46
100 _aVenturi, Robert,
_eAUT
245 0 _aComplejidad y contradicción en la arquitectura
_b
260 _c2021
300 _a255 páginas :
_c23 cm.
650 _aABD
654 _aCAU
942 _cLIB
_dJUS
_fJUS
_2ddc
_n
999 _c23948
_d23948